Rugby Team Logos Quiz - Statistics

General Stats
  • This quiz has been taken 3,621 times
    1,726 since last reset
  • The average score is 11 of 20
Answer Stats
Picture Answer % Correct
Sharks
90%
Leicester Tigers
85%
Harlequins
82%
Bristol Bears
80%
Stade Toulousain
80%
Ulster
65%
Ospreys
63%
Glasgow Warriors
61%
Stade Rochelais
60%
Gloucester
56%
Stade Français
56%
Stormers
56%
Crusaders
52%
Zebre Parma
47%
Connacht
46%
ACT Brumbies
43%
Highlanders
43%
Waratahs
36%
Western Force
21%
Seattle Seawolves
8%
No matching quizzes found
Score Distribution
Percent of People with Each Score
Percentile by Number Answered
Your Score History
You have not taken this quiz since the last reset